000 00966nac a22002891u 4500
003 EG-ScBUE
005 20220822095038.0
008 200219t1984 nyua f 001 0 eng d
020 _a0070180237
040 _aEG-ScBUE
_beng
_erda
_cEG-ScBUE
_dEG-ScBUE
082 0 4 _a720.284
_bDUG
_222
100 1 _aDuggar, J. F.‏
_q(John Frederick),‏
_d1868-
_eauthor.
245 1 0 _aChecking and coordinating architectural and engineering working drawings /
_cJohn Frederick Duggar III.
264 1 _aNew York :
_bMcGraw-Hill Book Company,
_c[1984]
264 4 _cc1984
300 _axvii, 147 pages :
_billustrations ;
_c24 cm
336 _2rdacontent
_atext
_btxt
337 _2rdamedia
_aunmediated
_bn
338 _2rdacarrier
_avolume
_bnc
500 _aIncludes index.
650 7 _aArchitectural drawing.
_2BUEsh
650 7 _aEngineering drawings.
_2BUEsh
651 _2BUEsh
653 _bENGARC
655 _vReading book
_934232
942 _cBB
_k720.284 DUG
_2ddc
999 _c9617
_d9617